Statistics for The Flash (TV) series

Click here to take the quiz!

General Stats

  • This quiz has been taken 705 times
  • The average score is 5 of 9

Answer Stats

HintAnswer% Correct
Which Earth is Jay Garrick from?Earth 2
88%
Who is the Vibe?Cisco Ramon
86%
Who is Zoom?Jay Garrick/Hunter Zolomon
76%
What serum makes speedsters faster but also makes them ill?Velocity 9
62%
What is Harrison Wells daughter's name?Jesse
61%
Which 2 people made the above serum?Caitlin Snow and Harrison Wells
53%
Who is Barry's love interest?Patty Spivot
52%
Who gives information on how to get faster?Eobard Thawne
27%
What is Iris's job on Earth 2?Police detective
7%

Score Distribution

Percentile by Number Answered

Percent of People with Each Score

Your Score History

You have not taken this quiz